000 00459nam a2200181Ia 4500
005 20251020182613.0
008 200515s9999 xx 000 0 und d
082 _aSC/69.032:711(094.7)/1996
100 _aRODRIGUEZ ARDILES, Ricardo
245 0 _aReglamento Único de Licitaciones y Contratos de Obras Públicas
250 _a28a ed.
260 _aLima
260 _c1996
300 _a515
650 _aLICITACIONES
650 _aRULCOP
942 _cLIB
999 _c3405
_d3405